书目信息 |
| 题名: |
国际气侯合作与排放权交易制度研究
|
|
| 作者: | 林云华 著 | |
| 分册: | ||
| 出版信息: | 北京 中国经济出版社 2007.09 |
|
| 页数: | 313页 | |
| 开本: | 21cm | |
| 丛书名: | ||
| 单 册: | ||
| 中图分类: | X21 | |
| 科图分类: | ||
| 主题词: | 气候环境--qi hou huan jing--国际合作--研究 | |
| 电子资源: | ||
| ISBN: | 978-7-5017-8067-9 | |
| 000 | 00826nam0 2200229 450 | |
| 001 | 012007905199 | |
| 005 | 20071225180247.07 | |
| 010 | @a978-7-5017-8067-9@dCNY28.00 | |
| 100 | @a20071225d2007 km y0chiy0120 ea | |
| 101 | 0 | @achi |
| 102 | @aCN@b110000 | |
| 105 | @ay z 000yy | |
| 106 | @ar | |
| 200 | 1 | @a国际气侯合作与排放权交易制度研究@Aguo ji qi hou he zuo yu pai fang quan jiao yi zhi du yan jiu@f林云华著@Flin yun hua zhu |
| 210 | @a北京@c中国经济出版社@d2007.09 | |
| 215 | @a313页@d21cm | |
| 330 | @a本书的研究内容包括国际气候合作与温室气体排放权交易两大部分,按照“综述-理论-实践-结论和政策建议”的逻辑顺序展开逐步研究和论述。 | |
| 606 | 0 | @a气候环境@Aqi hou huan jing@x国际合作@x研究 |
| 690 | @aX21@v4 | |
| 701 | 0 | @a林云华@Alin yun hua@4著 |
| 801 | 0 | @aCN@bQSSK@c20071225 |
| 905 | @b271527-29@dX21@eL522@f3 | |
| 国际气侯合作与排放权交易制度研究/林云华著.-北京:中国经济出版社,2007.09 |
| 313页;21cm |
| ISBN 978-7-5017-8067-9:CNY28.00 |
| 本书的研究内容包括国际气候合作与温室气体排放权交易两大部分,按照“综述-理论-实践-结论和政策建议”的逻辑顺序展开逐步研究和论述。 |
| ● |
| 相关链接 |
|
|
|
正题名:国际气侯合作与排放权交易制度研究
索取号:X21/L522
 
预约/预借
| 序号 | 登录号 | 条形码 | 馆藏地/架位号 | 状态 | 备注 |
| 1 | 271527 | 202715277 | 期刊室512/501自科库 64排1列4层/ [索取号:X21/L522] | 在馆 | |
| 2 | 271528 | 202715286 | 自科库501/501自科库 64排1列4层/ [索取号:X21/L522] | 在馆 | |
| 3 | 271529 | 202715295 | 自科库501/501自科库 64排1列4层/ [索取号:X21/L522] | 在馆 |